000 00757nam a2200217Ia 4500
005 20250507130404.0
008 008 250505s9999 xx 000 0 chi d
020 _a0306793327
037 _aAnnuals, Advances
040 _aEASL
_beng
_cEASL
041 _achi
_2eng
084 _aV41:1973.N54, L4.1-2
_qEASL
100 _aMorgenthau H
245 0 _aMorgenthau diary(China): United states 89th congress
260 _aUSA
_bNew York Da Capo Press
_c1974
300 _axxviii,1-862
490 _aFranklin D. Roosevelt and era of new deal
_v1
546 _aUnited states foregin relations China, United States congress senate committee judiciary
942 _cTEXL
_hV41:1973.N54, L4.1-2
999 _c1319414
_d1319414